Types of clothing - Statistics

General Stats
  • This quiz has been taken 108 times
    43 since last reset
  • The average score is 19 of 25
Answer Stats
Picture Hint Answer % Correct
women Dress
95%
Unisex, Boots
93%
Unisex Hat
93%
women Skirt
93%
Unisex Tie
93%
Unisex Coat / Jacket
90%
Unisex Gloves
90%
Unisex Shorts
90%
Unisex Shirt
88%
Unisex Jeans
85%
Unisex Socks
85%
Men Bow tie
83%
Unisex T- shirt
83%
women Headscarf
80%
Unisex Scarf
80%
women Bikini
78%
Unisex Flip flops
70%
Unisex Sandals
70%
Unisex Tank top
70%
womens Leggings
68%
womens Tights / pantyhose
65%
Unisex Cardigan
63%
Unisex Jumper
43%
Unisex Dungarees
33%
women Burkini
13%
No matching quizzes found
Score Distribution
Percent of People with Each Score
Percentile by Number Answered
Your Score History
You have not taken this quiz since the last reset